|
|
|
|
| LEADER |
00820nam a2200205 a 4500 |
| 001 |
26953 |
| 008 |
130512r19621946enk b 001 0 eng d |
| 010 |
|
|
|a 61019163
|
| 040 |
|
|
|a DLC/ICU
|c ICU
|d DLC
|d BD-DhAAL
|
| 082 |
0 |
0 |
|a 519.9
|
| 100 |
1 |
|
|a Weatherburn, C. E.
|q (Charles Ernest),
|d 1884-
|
| 245 |
1 |
2 |
|a A first course in mathematical statistics /
|c C. E. Weatherburn.
|
| 260 |
|
|
|a Cambridge [Eng.]
|b University Press,
|c 1946 [reprinted 1962].
|
| 300 |
|
|
|a xv, 277 p. ;
|c 22 cm.
|
| 504 |
|
|
|a Includes indexes and bibliography.
|
| 541 |
1 |
|
|e 26953
|
| 650 |
|
0 |
|a Mathematical statistics.
|
| 852 |
1 |
|
|a Ayesha Abed Library
|j General Shelf.
|
| 999 |
|
|
|c 13440
|d 13440
|
| 952 |
|
|
|0 0
|1 0
|2 ddc
|4 0
|6 519_900000000000000_WEA
|7 0
|9 22400
|a BRACUL
|b BRACUL
|c GEN
|d 2013-05-19
|e VC of BRACU
|l 1
|m 2
|o 519.9 WEA
|p 3010026953
|r 2025-02-11
|s 2025-01-12
|t 1
|w 2013-05-19
|y BK
|